00514nam a22001457a 450000500170000000800410001704100080005808200130006610000190007924501140009826000570021230000290026936500240029850000460032220250129111548.0250129b |||||||| |||| 00| 0 eng d aeng a712bASW aAswalkar Sejal aMumbai Central Park: Reactivating Urban Spaces Through Masterplan Proposal For Mahalaxmi Rececources, Mumbai aPunebBNCA M Arch Landscape Architecturec28/01/2025 a50pagesbPbc29.5 x 29.5 aINRb150.00cRupaye aBNCA M Arch Landscape Architecture Thesis